[Event "Top 12 FRA-chT 2017"]
[Site "Chartres"]
[Date "2017.05.19"]
[Round "2"]
[White "Bachmann, Axel"]
[Black "Coursaget, Nicolas"]
[Result "1-0"]
[WhiteElo "2646"]
[BlackElo "2311"]
[Annotator "TA"]
[PlyCount "101"]
[EventDate "2017.??.??"]
[EventType "team-tourn"]
[EventCountry "FRA"]
[SourceTitle "playchess.com"]
[Source "ChessBase"]
[SourceQuality "1"]
[WhiteTeam "Bois-Colombes"]
[BlackTeam "Lisieux"]

{[%evp 10,101,38,29,31,13,19,25,25,-13,-7,-6,22,0,44,27,31,38,29,27,33,14,48,37,70,62,85,44,44,44,44,23,52,13,10,7,10,13,13,16,20,16,18,0,6,0,97,97,97,97,97,14,1,9,39,45,302,289,528,528,588,535,823,737,713,846,858,628,835,833,722,600,518,417,563,547,1460,1220,2039,1593,1329,1338,12843,12843,12844,12844,12845,12845,12845,12846,12850,29990,29990,29991]} 1. c4 e5 2. Nc3 Nc6 3. Nf3 Nf6 4. g3 g6 5. d4 exd4 6. Nxd4 Bg7 {A29: English Opening: Four Knights Variation with 4 g3} 7. Nxc6 dxc6 8. Qxd8+ Kxd8 {White has an edge.} 9. e4 Be6 10. Bd2 Nd7 $146 ({Predecessor:} 10... Re8 11. O-O-O Kc8 12. f3 Nd7 13. Be2 a5 14. Kc2 {½-½ (27) Khairullin,I (2634)-Vitiugov,N (2720) Olginka 2011}) 11. f4 Nb6 12. b3 a5 13. O-O-O {Threatens to win with f5!} Kc8 14. Kc2 a4 15. Be2 axb3+ 16. axb3 f5 {...fxe4 would now be nice for Black.} 17. e5 Rd8 18. Be3 Rxd1 19. Rxd1 Nd7 20. h3 Bf8 21. g4 Bb4 22. Na4 (22. gxf5 {is more complex.} Bxf5+ 23. Bd3 Be6 24. Rf1 Bc5 25. Bc1) 22... b5 23. cxb5 cxb5 24. Bxb5 fxg4 25. hxg4 Bxg4 26. Rc1 Ra5 27. Bc4 Nc5 (27... h5 $11) 28. Nxc5 $16 Bxc5 29. Bxc5 Rxc5 {[%mdl 4096] Endgame KRB-KRB} 30. Kd3 (30. Ra1 $16) 30... Ra5 $11 31. Kd4 Kd7 32. Bd3 Be6 $2 {[%mdl 8192] [#]} ({Black should play} 32... Kd8 $14) 33. Rh1 $1 $18 Bg8 $2 (33... h5 34. Bxg6 c5+ 35. Ke3 Bxb3 36. Rxh5 Ra3) 34. Bc4 c5+ 35. Kc3 Bxc4 36. Rxh7+ ({Less strong is} 36. Kxc4 h5 $16) 36... Kc6 37. Kxc4 {KR-KR} Ra1 38. Rf7 Rc1+ 39. Kd3 Rd1+ 40. Ke4 Re1+ 41. Kf3 Rg1 42. Rf6+ Kb5 43. Ke4 c4 44. bxc4+ Kc5 45. Rd6 Rg4 46. Rd5+ Kxc4 47. e6 {[%cal Be5e6,Be6e7][%mdl 32] [#] e7 would kill now.} Rg1 48. Re5 Re1+ 49. Kf3 Rxe5 50. fxe5 Kd5 51. e7 {Precision: White = 59%, Black = 42%.} 1-0

[Event "Top 12 FRA-chT 2017"]
[Site "Chartres"]
[Date "2017.05.19"]
[Round "2"]
[White "Edouard, Romain"]
[Black "Sebag, Marie"]
[Result "0-1"]
[WhiteElo "2640"]
[BlackElo "2488"]
[Annotator "TA"]
[PlyCount "78"]
[EventDate "2017.??.??"]
[EventType "team-tourn"]
[EventCountry "FRA"]
[SourceTitle "playchess.com"]
[Source "ChessBase"]
[SourceQuality "1"]
[WhiteTeam "Bischwiller"]
[BlackTeam "Strasbourg"]

{[%evp 9,78,10,14,-19,24,6,10,8,14,0,0,-2,0,0,6,0,34,0,17,-5,0,-4,10,0,42,0,0,0,0,-5,0,0,0,0,0,0,0,0,0,0,0,0,0,0,0,0,20,0,17,18,34,29,47,0,5,-57,-62,-375,-379,-636,-617,-583,-500,-484,-490,-489,-493,-491,-471,-436,-431]} 1. Nf3 d5 2. g3 c6 3. Bg2 Bg4 4. O-O e6 5. h3 Bh5 {LiveBook: 19 Games} 6. c4 {A07: Réti Opening: New York and Capablanca Systems} (6. d4 Nf6 7. c4 Be7 8. Nc3 O-O 9. g4 Bg6 10. Ne5 Nbd7 11. Nxg6 hxg6 12. Qd3 dxc4 13. Qxc4 {1-0 (67) Harikrishna,P (2758)-Adams,M (2761) Shenzhen 2017}) 6... Nf6 7. cxd5 Bxf3 8. Bxf3 {[#] Hoping for dxe6.The position is equal.} cxd5 9. d3 Nc6 10. Nc3 Bc5 11. Bd2 $146 ({Predecessor:} 11. a3 Rc8 12. Na4 Be7 13. b4 Nd4 {1-0 (40) Moor,R (2391)-Sedina,E (2411) Switzerland 2005}) 11... a6 12. Rc1 Ba7 13. Bg2 O-O 14. Kh2 (14. b4 $5) 14... Qe7 15. a3 Rad8 16. b4 e5 17. e4 dxe4 18. dxe4 Qd6 19. Bg5 Qxd1 20. Rcxd1 Rxd1 21. Rxd1 Bxf2 22. Bxf6 gxf6 23. Nd5 Kg7 24. Rf1 Bd4 25. h4 Rd8 26. Bh3 Rd6 27. a4 Nd8 28. b5 {aiming for Ne7.} axb5 29. axb5 Bc5 30. Bc8 {[%mdl 1024] White has compensation.} b6 31. Bg4 Ne6 32. Ra1 (32. Bxe6 $11 fxe6 33. Nxf6) 32... Nd4 $15 {[#] ...f5 is the strong threat.} 33. Ra8 $2 {[%mdl 8192]} (33. Ne7 $15) 33... f5 $1 $19 {[%cal Rf5g4,Bf6f5,Bf5e4,Be4e3][%mdl 32]} 34. Bh3 $2 (34. Bd1 fxe4 35. Ne3) 34... fxe4 {Black is clearly winning.} 35. Nc3 Nf3+ 36. Kh1 Rd2 {[%csl Gf3][%cal Rd2h2]} 37. Ra2 Rxa2 38. Nxa2 e3 {( -> ...e2)} 39. Nc3 Nd4 {Precision: White = 39%, Black = 51%.} 0-1

[Event "Top 12 FRA-chT 2017"]
[Site "Chartres"]
[Date "2017.05.19"]
[Round "2"]
[White "Piorun, Kacper"]
[Black "Degraeve, Jean-Marc"]
[Result "0-1"]
[WhiteElo "2638"]
[BlackElo "2592"]
[Annotator "TA"]
[PlyCount "48"]
[EventDate "2017.??.??"]
[EventType "team-tourn"]
[EventCountry "FRA"]
[SourceTitle "playchess.com"]
[Source "ChessBase"]
[SourceQuality "1"]
[WhiteTeam "Tremblay-En-France"]
[BlackTeam "Saint Quentin"]

{[%evp 9,48,0,22,12,12,0,0,-11,0,0,0,-14,-4,-14,-18,-32,-32,-27,-35,-189,-197,-283,-283,-280,-277,-274,-274,-824,-196,-558,-555,-585,-546,-546,-528,-529,-513,-504,-489,-609,-448]} 1. c4 e5 2. g3 Nf6 3. Bg2 c6 4. d4 e4 5. Nc3 d5 6. cxd5 {A20: English Opening: 1...e5} cxd5 7. Bg5 (7. Nh3 Bb4 8. O-O Bxc3 9. bxc3 O-O 10. f3 exf3 11. Rxf3 h6 12. Qf1 Nbd7 {½-½ (50) Aronian,L (2785)-Anand,V (2779) Doha 2016}) 7... Bb4 8. Nh3 {The position is equal.} Nbd7 (8... Bxc3+ $5 9. bxc3 Nbd7 $11) 9. Rc1 h6 10. Bxf6 Bxc3+ $1 11. Rxc3 Nxf6 12. Qb3 $146 ({Predecessor:} 12. O-O O-O {0-1 (21) Migot,T (2257)-Demuth,A (2423) Belfort 2012}) 12... O-O $36 {[%mdl 2048] Black is more active.} 13. O-O Bf5 {Strongly threatening ...Qd7.} 14. Rfc1 $2 {[#]} ({White should play} 14. f3 $15) 14... Qd7 $1 $19 15. Nf4 {[#]} (15. g4 $142 Bxg4 16. Bf1) 15... g5 $1 16. Rc7 Rac8 17. Qxb7 ({But not} 17. Rxd7 $2 Rxc1+ 18. Bf1 gxf4 $19) 17... gxf4 18. Qxa7 $2 (18. Bf1 Rxc7 19. Qxc7) 18... Rxc7 $2 (18... Ne8 19. a4 Rxc7 20. Rxc7 Nxc7) 19. Rxc7 $2 (19. Qxc7 {nothing else works.} Qxc7 20. Rxc7) 19... Qb5 {Black is clearly winning.} 20. Bf1 fxg3 21. hxg3 Qxb2 22. Rc6 Kg7 23. Qc5 {Black should prevent Rxf6!} Qa1 24. Qa3 Qxd4 {Precision: White = 28%, Black = 60%.} 0-1

[Event "Top 12 FRA-chT 2017"]
[Site "Chartres"]
[Date "2017.05.19"]
[Round "2"]
[White "Gledura, Benjamin"]
[Black "Ouakhir, Pierre Mehdi"]
[Result "1-0"]
[WhiteElo "2602"]
[BlackElo "2277"]
[Annotator "TA"]
[PlyCount "75"]
[EventDate "2017.??.??"]
[EventType "team-tourn"]
[EventCountry "FRA"]
[SourceTitle "playchess.com"]
[Source "ChessBase"]
[SourceQuality "1"]
[WhiteTeam "Mulhouse Philidor"]
[BlackTeam "Montpellier"]

{[%evp 21,75,22,48,48,53,41,33,38,51,62,100,84,105,97,89,83,231,235,239,237,233,232,279,284,278,289,266,226,277,269,317,317,307,302,301,294,418,287,286,287,279,279,291,278,362,370,369,363,375,370,445,466,458,448,391,370]} 1. e4 e5 2. Nf3 Nc6 3. Bc4 Bc5 4. d3 Nf6 5. O-O d6 6. c3 a6 7. Re1 Ba7 8. Bb3 O-O 9. h3 Ne7 10. Nbd2 Ng6 11. Nf1 Nh5 12. Bg5 {C54: Giuoco Piano: 4 c3 Nf6, main lines with 5 d4 and 5 d3} (12. d4 Nhf4 13. Ng3 Nh4 14. Bxf4 exf4 15. Nh5 c5 16. dxc5 Bxc5 17. Nxf4 Kh8 18. Nxh4 Qxh4 19. Qf3 Be6 20. Bd5 {0-1 (63) Ganguly,S (2668)-Aronian,L (2785) Doha 2016}) 12... Qe8 13. Be3 (13. Nxe5 $5 Nxe5 14. d4 $14) 13... Kh8 14. d4 $146 {White is slightly better.} ({Predecessor:} 14. Bxa7 Rxa7 15. Ne3 Ngf4 16. Kh2 g6 17. d4 f6 18. Ng1 Ra8 19. Bc2 Bd7 {1-0 (50) Sariego,W (2380)-Antunes,A (2445) Holguin 1989}) 14... Nhf4 15. Ng3 f5 16. exf5 Bxf5 17. Nxf5 Rxf5 18. Bc2 Rf6 (18... e4 $16 {is a better defense.}) 19. dxe5 $18 dxe5 20. Bxa7 Rxa7 {[#]} 21. Nxe5 $1 {[%mdl 512]} Nxe5 {[#]} 22. Rxe5 $1 {[%mdl 512]} Qf8 (22... Qxe5 23. Qd8+) 23. Qg4 Ra8 24. Rae1 Qd6 25. Re7 {[%csl Ge7][%cal Rg4g7]} Ng6 26. Bxg6 hxg6 27. Qh4+ Kg8 28. Qc4+ Kf8 (28... Kh7 $142 29. Qxc7 Qxc7 30. Rxc7 b5) 29. Qxc7 Qxc7 30. Rxc7 Rf7 31. Rxf7+ Kxf7 {[%mdl 4096] Endgame KR-KR} 32. Rd1 b5 33. Rd7+ Kf6 34. Rd6+ Kf7 35. Rb6 Rd8 36. Rxa6 Rd1+ 37. Kh2 Rd2 38. b4 {Precision: White = 90%, Black = 36%.} 1-0

[Event "Top 12 FRA-chT 2017"]
[Site "Chartres"]
[Date "2017.05.19"]
[Round "2"]
[White "Lagarde, Maxime"]
[Black "Van Foreest, Jorden"]
[Result "0-1"]
[WhiteElo "2601"]
[BlackElo "2595"]
[Annotator "TA"]
[PlyCount "142"]
[EventDate "2017.??.??"]
[EventType "team-tourn"]
[EventCountry "FRA"]
[SourceTitle "playchess.com"]
[Source "ChessBase"]
[SourceQuality "1"]
[WhiteTeam "Nice Alekhine"]
[BlackTeam "Clichy"]

{[%evp 11,142,6,7,9,14,-9,-20,-28,-21,-28,-25,-20,-20,-45,-35,-28,-28,-37,-33,-86,-97,-87,-55,-55,-29,-47,-47,-46,-45,-64,-71,-68,-69,-68,-68,-56,-58,-58,-58,-72,-53,-44,-29,-24,-24,-39,-30,-36,-30,-48,-44,-45,-8,-35,-20,-20,-21,-23,-20,-23,-21,-21,-21,-21,-21,-24,-31,-106,-110,-114,-115,-223,-201,-182,-16,-16,-16,-16,0,-15,0,-17,-8,-8,-8,-8,-8,-12,-8,-72,-77,-97,-101,-101,-45,-1087,-1073,-1073,-1066,-776,-80,-95,-122,-884,-473,-1221,-1254,-22,0,-1159,-1056,-630,-22,-29960,-29964,-29962,-29964,-29965,-29966,-29965,-29966,-29965,-54,-29967,-29968,-29973,-29974,-29975,-29975,-29975,-29976,-29971,-29969]} 1. c4 c6 2. e4 d5 3. exd5 cxd5 4. cxd5 Nf6 5. Nc3 Nxd5 6. Nf3 Nc6 7. Bb5 {B10: Caro-Kann: 2 d3 and 2 c4} g6 8. Qb3 (8. Qa4 $5 {[%cal Rb5c6]} Nb6 9. Bxc6+ bxc6 10. Qxc6+ Bd7 11. Qe4 $11) (8. Qa4 Nb6 9. Bxc6+ bxc6 10. Qxc6+ Bd7 11. Qe4 Bg7 12. O-O Bf5 13. Qc6+ Bd7 14. Qe4 Bf5 15. Qc6+ Bd7 16. Qe4 {½-½ (16) Piorun,K (2681)-Navara,D (2735) Gjakova 2016}) 8... Be6 9. Nd4 {The position is equal.} Qd7 10. Nxe6 $146 ({Predecessor:} 10. Ne4 Nc7 11. Nxe6 Nxe6 12. O-O Bg7 13. Qa4 Rc8 14. Bc4 O-O {½-½ (81) Levushkina,E (2299)-Gatterer,F (2223) Austria 2015}) 10... Qxe6+ 11. Kf1 O-O-O 12. d3 Bg7 {aiming for ...Nd4.} (12... Qf5 {is interesting.} 13. Bxc6 Qxd3+ 14. Kg1 bxc6 15. h4 Nxc3 16. bxc3 Qd1+) 13. Nxd5 Qxd5 ({But not} 13... Rxd5 $6 14. Bc4 $14) 14. Qxd5 Rxd5 15. Bxc6 (15. Bc4 $15 Rd6 16. Rb1) 15... bxc6 $17 16. Ke2 Rhd8 17. Rd1 c5 18. Be3 Bxb2 19. Rab1 Bd4 20. Bxd4 Rxd4 $15 {[%mdl 4096] Endgame KRR-KRR} 21. Rdc1 R8d5 22. Rb5 Ra4 23. Rbxc5+ Rxc5 24. Rxc5+ {KR-KR} Kd7 25. Rc2 Kd6 26. Ke3 h5 27. f4 h4 28. Rb2 Ke6 29. Rc2 Kf6 30. Kf3 g5 31. g3 e6 32. Rc4 Ra3 33. fxg5+ Kxg5 34. Rg4+ Kf6 {Threatening ...hxg3.} 35. Rxh4 Rxd3+ 36. Ke4 $1 {[%cal Re4d3]} Ra3 37. Rf4+ Ke7 38. Rf2 f5+ 39. Kd4 ({White should try} 39. Ke5 $15) 39... Kf6 $17 40. Kc4 e5 {[%cal Be6e5,Be5e4][%mdl 32]} 41. Rd2 (41. Kb4 $17 Rd3 42. Kc5) 41... e4 $19 42. Kd4 a5 $2 (42... Kg5 $1 $19 {Strongly threatening ...Kg4.} 43. Rf2 Rd3+ 44. Ke5 Rf3) 43. g4 $1 $11 Ra4+ 44. Ke3 Ra3+ 45. Kd4 Ra4+ 46. Ke3 Ke5 47. gxf5 Ra3+ 48. Ke2 Kxf5 49. Ke1 a4 {[%cal Ba5a4,Ba4a3][%mdl 32]} 50. Ke2 (50. Rf2+ $11 {keeps the balance.} Ke6 51. Re2) 50... Rh3 $17 51. Ke1 Kf4 52. Rf2+ Ke5 (52... Ke3 $1 $17 53. Rb2 Kd3) 53. Rd2 $2 {[%mdl 8192] [#]} (53. Rb2 $15) 53... a3 $1 $19 54. Rg2 Kd4 55. Kd1 Kd3 $2 (55... e3 $19 {has better winning chances. Hoping for ...Ke4.} 56. Kc2 Ke4) 56. Rd2+ $17 Ke3 {White must now prevent ...Kf3.} 57. Ke1 $2 {[%mdl 8192]} (57. Re2+ $17 Kf3 58. Kd2) 57... Rh8 58. Re2+ (58. Rg2 $142 Kd3 59. Rd2+ Kc3 60. Re2) 58... Kd3 59. Rd2+ Ke3 $2 {[%mdl 8192]} (59... Kc3 $11 60. Re2 Kd4 61. Rd2+ Ke5) 60. Re2+ $1 $19 Kd4 61. Rd2+ Kc3 $2 (61... Ke5 $19 {...Rb8 is the strong threat.} 62. Kd1 Rb8) 62. Kd1 $2 {[%mdl 8192]} (62. Re2 $11) 62... e3 63. Rc2+ Kd3 64. Rc7 Rxh2 {[%cal Rh2h1]} 65. Rd7+ Kc3 66. Re7 Rh1+ 67. Ke2 {[#]} Kb2 $1 {[%cal Rb2a2] Black mates.} 68. Rxe3 Kxa2 69. Re7 Kb3 70. Kd3 Rd1+ 71. Ke2 Rd4 {Precision: White = 50%, Black = 54%.} 0-1

[Event "Top 12 FRA-chT 2017"]
[Site "Chartres"]
[Date "2017.05.19"]
[Round "2"]
[White "Neiksans, Arturs"]
[Black "Jobava, Baadur"]
[Result "1/2-1/2"]
[WhiteElo "2599"]
[BlackElo "2713"]
[Annotator "TA"]
[PlyCount "50"]
[EventDate "2017.??.??"]
[EventType "team-tourn"]
[EventCountry "FRA"]
[SourceTitle "playchess.com"]
[Source "ChessBase"]
[SourceQuality "1"]
[WhiteTeam "Saint Quentin"]
[BlackTeam "Tremblay-En-France"]

{[%evp 19,50,25,29,6,17,0,0,0,18,0,0,0,0,-19,-11,-17,0,-17,0,0,0,0,0,0,0,0,0,0,0,0,0,0,0]} 1. e4 e5 2. Nf3 Nf6 3. d4 Nxe4 4. Bd3 d5 5. dxe5 Nc6 6. O-O Bg4 7. Nc3 Nxc3 8. bxc3 Bc5 9. Re1 {C43: Petroff Defence: 3 d4} O-O 10. h3 Bh5 {LiveBook: 6 Games} 11. g4 {White has an edge.} (11. Rb1 b6 12. Bf5 Kh8 13. g4 Bg6 14. Bxg6 fxg6 15. Be3 Be7 16. Rb5 Rxf3 17. Qxf3 Nxe5 {½-½ (72) Bacrot,E (2705)-Wang,Y (2689) Baku 2008}) 11... Bg6 {The position is equal.} 12. Bf4 d4 $146 ({Predecessor:} 12... Bb6 13. Bg3 f5 14. Kg2 Kh8 15. Bh4 Qe8 16. e6 fxg4 17. hxg4 Rf4 18. Kg3 Bxf2+ 19. Kxf2 Be4 20. Bg5 Rxg4 21. Rg1 Qxe6 22. Rxg4 Qxg4 23. Be2 Rf8 24. Qg1 Bxf3 {0-1 (24) Nevednichy,V (2593)-Collas,D (2437) Montpellier 2003}) 13. c4 Nb4 14. Bg5 Be7 15. Bxe7 Qxe7 16. Bf5 Rad8 {...Bxf5 is the strong threat.} 17. a3 Na6 {[%cal Bb4a6,Ba6c5,Bc5e6,Be6g5,Bg5h3][%mdl 32]} 18. Re4 Nc5 19. Rxd4 Ne6 20. Rxd8 Rxd8 21. Qe2 Bxf5 22. gxf5 Ng5 23. Rd1 Nxh3+ 24. Kh2 Rxd1 25. Qxd1 Ng5 {Precision: White = 61%, Black = 64%.} ({Avoid the trap} 25... Nxf2 $2 26. Qd4 $18) 1/2-1/2

[Event "Top 12 FRA-chT 2017"]
[Site "Chartres"]
[Date "2017.05.19"]
[Round "2"]
[White "Tregubov, Pavel V"]
[Black "Gharamian, Tigran"]
[Result "1/2-1/2"]
[WhiteElo "2584"]
[BlackElo "2626"]
[Annotator "TA"]
[PlyCount "121"]
[EventDate "2017.??.??"]
[EventType "team-tourn"]
[EventCountry "FRA"]
[SourceTitle "playchess.com"]
[Source "ChessBase"]
[SourceQuality "1"]
[WhiteTeam "Clichy"]
[BlackTeam "Nice Alekhine"]

{[%evp 18,121,-12,-15,-10,-10,-11,-13,-7,-13,-16,-16,-7,-12,-12,-12,-12,-12,-12,-11,-15,-15,-13,-16,0,-25,33,45,35,16,102,107,101,81,81,60,60,60,62,72,105,66,81,81,110,102,101,83,83,84,89,93,93,29,29,29,29,29,29,29,29,29,29,12,12,12,29,29,29,29,29,29,29,29,29,29,29,29,29,29,29,29,29,29,29,29,29,29,29,29,37,8,8,8,8,8,8,8,8,8,8,0,8,8,8,0]} 1. d4 Nf6 2. c4 e6 3. Nc3 Bb4 4. e3 O-O 5. Bd3 d5 6. a3 Bxc3+ 7. bxc3 dxc4 8. Bxc4 c5 9. Ne2 Qc7 10. Ba2 b6 {E49: Nimzo-Indian: Rubinstein: 5 Bd3 d5 6 a3 Bxc3+ 7 bxc3} 11. O-O Ba6 12. Bb2 Nc6 13. Rc1 Rfd8 14. c4 cxd4 (14... Ng4 $6 15. Nf4 $16) 15. exd4 {[#]} b5 $146 ({Predecessor:} 15... Rac8 16. d5 Ne5 17. Ng3 exd5 18. cxd5 {1-0 (35) Tregubov,P (2597)-Efimenko,Z (2647) Germany 2016}) 16. d5 {[#] Black must now prevent Bxf6.} bxc4 17. Bxc4 Bxc4 18. Rxc4 exd5 (18... Rxd5 19. Qa4 $18) 19. Rc2 Qd6 ({Inferior is} 19... Ng4 20. Ng3 $16) 20. Ng3 d4 21. Nf5 Qf4 ({Black should try} 21... Qd7 $11) 22. Nxg7 $14 Ne5 23. Nh5 Nf3+ (23... Nxh5 $11 {remains equal.} 24. Qxh5 Rab8) 24. gxf3 $16 Nxh5 25. Rc4 Rab8 ({Not} 25... Qg5+ $2 26. Kh1 $18) 26. Rxd4 (26. Bxd4 {feels hotter.} Qf5 27. Rc5 Qf4 28. Rxh5 Rxd4 29. Qc2) 26... Rxd4 27. Qxd4 (27. Bxd4 $2 {loses.} Rd8 $19) 27... Qxd4 28. Bxd4 {[%mdl 4096] Endgame KRB-KRN} a6 29. Re1 f6 30. Re4 Kf7 31. Be3 Rc8 32. Kf1 Ng7 33. Rh4 Rc3 34. Ra4 Nf5 35. Ke2 (35. Rxa6 $16 Nxe3+ 36. fxe3) 35... Nxe3 $11 36. fxe3 {KR-KR} Rc2+ 37. Kd3 Rxh2 38. Rxa6 h5 39. Ke4 {[#] And now Kf5 would win.} Rg2 40. f4 {Hoping for Kf5.} h4 41. Ra7+ Kg8 42. Ra5 Kg7 43. Rh5 Ra2 44. Rxh4 Rxa3 45. Rg4+ Kf7 46. f5 Ra4+ 47. Kf3 Ra5 48. Kf4 Ra4+ 49. e4 Ra3 50. Rh4 Kg7 51. Rh1 Rb3 52. Ra1 Kf7 53. Re1 Ra3 54. Re3 Rxe3 {The position is equal.} 55. Kxe3 {KPP-KP} Ke7 56. Kd3 $1 {[%cal Rd3c4]} Kd7 $1 57. Kc3 $1 {[%cal Rc3d3] aiming for Kd3.} Kc7 $1 58. Kd2 {Threatens to win with Ke2.} Kd8 59. Ke3 {Kd4 is the strong threat.} Ke7 60. Kf4 {Strongly threatening Kg4.} Kf8 61. Ke3 {Precision: White = 67%, Black = 72%.} 1/2-1/2

[Event "Top 12 FRA-chT 2017"]
[Site "Chartres"]
[Date "2017.05.19"]
[Round "2"]
[White "Palac, Mladen"]
[Black "Hamdouchi, Hicham"]
[Result "1/2-1/2"]
[WhiteElo "2573"]
[BlackElo "2586"]
[Annotator "TA"]
[PlyCount "33"]
[EventDate "2017.??.??"]
[EventType "team-tourn"]
[EventCountry "FRA"]
[SourceTitle "playchess.com"]
[Source "ChessBase"]
[SourceQuality "1"]
[WhiteTeam "Nice Alekhine"]
[BlackTeam "Clichy"]

{[%evp 14,15,21,27]} 1. e4 e6 2. d4 d5 3. Nc3 dxe4 4. Nxe4 Nd7 5. Nf3 Ngf6 6. Bd3 c5 7. O-O Nxe4 8. Bxe4 {Predecessor:} Nf6 $146 9. Bg5 cxd4 10. Nxd4 Be7 11. Bf3 O-O 12. Qd3 Bc5 13. Rad1 e5 14. Nb3 Qxd3 15. cxd3 Bb6 16. Rfe1 h6 17. Bh4 {½-½ (40) Vachier Lagrave,M (2803)-Meier,G (2621) Karlsruhe 2017} 1/2-1/2

[Event "Top 12 FRA-chT 2017"]
[Site "Chartres"]
[Date "2017.05.19"]
[Round "2"]
[White "Sumets, Andrey"]
[Black "Shchekachev, Andrei"]
[Result "1/2-1/2"]
[WhiteElo "2566"]
[BlackElo "2538"]
[Annotator "TA"]
[PlyCount "51"]
[EventDate "2017.??.??"]
[EventType "team-tourn"]
[EventCountry "FRA"]
[SourceTitle "playchess.com"]
[Source "ChessBase"]
[SourceQuality "1"]
[WhiteTeam "Saint Quentin"]
[BlackTeam "Tremblay-En-France"]

{[%evp 15,51,39,33,22,30,32,88,49,60,57,72,70,74,0,0,-11,16,-42,-42,-42,-43,-45,-45,-47,-48,-49,-18,-19,-15,-21,0,0,0,0,0,7,0,0]} 1. d4 Nf6 2. c4 g6 3. Nc3 Bg7 4. e4 d6 5. Nf3 O-O 6. Be2 e5 7. O-O a5 8. Re1 {E94: King's Indian: Classical: 6 Be2 e5 7 0-0: Various Black 7th moves} Na6 {LiveBook: 5 Games} 9. Be3 (9. Bf1 c6 10. Be3 exd4 11. Bxd4 Re8 12. Qc2 Bg4 13. Nd2 Nb4 14. Qc1 c5 {0-1 (52) Korotylev,A (2573)-Glek,I (2460) Moscow 2013}) 9... Ng4 10. Bg5 {White has an edge.} Qe8 $146 (10... f6 $14 11. Bh4 exd4 12. Nxd4 Ne5) ({Predecessor:} 10... f6 11. Bh4 Qe8 12. Nd5 c6 13. Nb6 Ra7 14. h3 Nh6 15. c5 dxc5 16. dxe5 fxe5 17. Nxc8 Qxc8 {½-½ (44) Shinkarev,S-Kalichkin,I (2220) Kaluga 1996}) 11. h3 h6 12. Bh4 Nf6 13. Bf1 Nh5 14. dxe5 (14. Nd5 $16) 14... dxe5 $11 15. Nd5 {Be7 is the strong threat.} g5 16. Bg3 ({White should try} 16. Nxg5 $11 hxg5 17. Qxh5 gxh4 18. Qxh4) 16... Nxg3 $15 17. fxg3 Qd8 18. Qc2 c6 19. Ne3 Nc5 20. Rad1 Qf6 21. Be2 {The position is equal.} Qg6 22. Nd2 f5 23. exf5 Bxf5 24. Nxf5 Qxf5 25. Qxf5 Rxf5 26. Bg4 {Precision: White = 80%, Black = 68%.} 1/2-1/2

[Event "Top 12 FRA-chT 2017"]
[Site "Chartres"]
[Date "2017.05.19"]
[Round "2"]
[White "Donchenko, Alexander"]
[Black "Kuzubov, Yuriy"]
[Result "1/2-1/2"]
[WhiteElo "2563"]
[BlackElo "2637"]
[Annotator "TA"]
[PlyCount "80"]
[EventDate "2017.??.??"]
[EventType "team-tourn"]
[EventCountry "FRA"]
[SourceTitle "playchess.com"]
[Source "ChessBase"]
[SourceQuality "1"]
[WhiteTeam "Vandoeuvre"]
[BlackTeam "Grasse Echecs"]

{[%evp 9,80,24,18,6,8,-2,0,0,20,18,4,16,8,6,12,4,0,-15,-1,-10,-5,-22,-15,-7,-3,-13,-16,-10,-8,-14,0,0,5,-18,-18,-30,-12,-25,-23,-32,-16,-23,0,0,0,0,15,13,16,-39,-29,-29,-9,-21,0,-7,0,0,0,-30,0,0,0,0,0,0,0,0,0,0,0,0,0]} 1. Nf3 d5 2. g3 Bg4 3. Bg2 Nd7 4. h3 Bh5 (4... Bxf3 5. Bxf3 c6 6. d3 Ngf6 7. O-O e5 8. Nd2 Be7 9. b3 O-O 10. Bb2 Re8 11. e4 d4 12. Bg2 a5 13. a4 Bb4 {½-½ (52) Jakovenko,D (2704)-Malakhov,V (2713) Doha 2016}) 5. O-O e6 6. d3 {A07: Réti Opening: New York and Capablanca Systems} Ngf6 7. Nc3 c6 8. e4 Bb4 9. Qe2 $146 ({Predecessor:} 9. exd5 cxd5 10. Ne2 O-O 11. Nf4 Bxf3 12. Qxf3 Ne5 13. Qe2 Qc7 {0-1 (38) Srdjanov,S (2141)-Fang,Y (2494) Novi Sad 2016}) 9... O-O 10. e5 Ne8 11. g4 Bg6 12. a3 Be7 13. Qe3 Nc7 14. Ne2 f6 15. Nf4 Nxe5 16. Nxe5 fxe5 17. Nxg6 hxg6 18. Qxe5 Bd6 19. Qg5 Qxg5 (19... Qe8 {seems wilder.} 20. c4 Qf7 21. Qe3 Bf4 22. Qc5 Na6) 20. Bxg5 Bf4 $132 {[%mdl 2048] Black is not keeping still} 21. Be7 Rfe8 22. Bc5 e5 23. c4 Ne6 24. Bb4 d4 25. Bd6 e4 26. Bxf4 Nxf4 27. Bxe4 Nxh3+ 28. Kh2 $1 {[%cal Rh2h3]} Nf4 29. Kg3 ({Better is} 29. g5 $11) 29... g5 $15 30. Rh1 Kf7 31. b4 Rac8 32. f3 Rh8 33. a4 Ke7 34. Rae1 Rxh1 35. Rxh1 $11 {[%mdl 4096] Endgame KRB-KRN. The position is equal.} a5 36. bxa5 {Hoping for Rb1.} Kd6 37. Rb1 Kc7 38. Rh1 Kd6 39. Rb1 Kc7 40. Rh1 Kd6 {Precision: White = 52%, Black = 62%.} 1/2-1/2